00936nam a22002652a 450000100060000000300080000600500170001400800410003102000150007203500190008704000320010604100080013808200180014610000390016424500810020326000440028430000270032850400500035565000220040565000350042765000340046294200120049699900170050895201450052517507BD-RjUL20211209000143.0140217t1971 enk b 001 0 eng d a0710070861 a(BD-RjUL)17565 aDLCcDLCdEQOdBD-RjULbeng aeng00a801bKUL 19711 aKuhns, Richard,d1924-2010.95394810aLiterature and philosophy : bstructures of experience /c[by] Richard Kuhns aLondon :bRoutledge and K. Paul,c1971. axiii, 274 p. ;c23 cm. aIncludes bibliographical reference and index. 0aPhilosophy953949 0aLiteraturexPhilosophy.953804 0aLiteraturexAesthetics.93378 2ddccBK c17507d17507 00102ddc40708FICaRUCLbRUCLcStackd1957-11-25eJonhanathan wren & co.g3.00l0o801 KUL 1971r2014-02-17 00:00:00tC-2w2014-02-17yBK